header

Launching science (Record no. 18905)

MARC details
000 -LEADER
fixed length control field 01800nam a2200337Ia 4500
245 10 - TITLE STATEMENT
Title Launching science
260 ## - PUBLICATION, DISTRIBUTION, ETC. (IMPRINT)
Place of publication Washington, D.C. :
Name of publisher National Academies Press,
Year of publication c2009.
300 ## - PHYSICAL DESCRIPTION
Number of Pages xiv, 142 p. :
Other physical details ill.
650 #0 - SUBJECT ADDED ENTRY--TOPICAL TERM
Topical Term Space sciences
Topical Term Space vehicles
Topical Term Aerospace engineering.
856 40 - ELECTRONIC LOCATION AND ACCESS
Uniform Resource Identifier http://site.ebrary.com/lib/rucke/Doc?id=10280007

No items available.

© 2026 Rongo University
Contact us: librarian | system librarian | Rongo university